|
|
|
|
| LEADER |
00000nam a22000007a 4500 |
| 005 |
20130430144240.0 |
| 007 |
cr|||| |||| |
| 008 |
130430e2004 pe |||||s|||| 00||0 spa d |
| 020 |
|
|
|a 9972-733-54-8
|
| 035 |
|
|
|a 11034
|
| 040 |
|
|
|a vLex
|
| 090 |
|
|
|c 4224
|d 4224
|
| 100 |
1 |
0 |
|a Atienza Rodrg̕uez, Manuel
|
| 245 |
1 |
4 |
|a Las razones del derecho
|b Teora̕s de la argumentacin̤ jurd̕ica
|c / Manuel Atienza Rodrg̕uez
|h [Recurso electrn̤ico]
|
| 256 |
|
|
|a Servicio en ln̕ea
|
| 260 |
|
|
|a Lima :
|b Palestra Editores,
|c 2004
|
| 300 |
|
|
|a 1 Recurso electrn̤ico
|
| 506 |
|
|
|d vLex Global
|d vLex Global (Academic Edition, excluding Law Schools)
|d vLex Global (U.S. Academic Edition, Law Schools)
|d vLex Global (U.S. Academic Edition, excluding Law Schools)
|d vLex Global (Academic Edition, Law Schools)
|
| 650 |
0 |
4 |
|a Filosofa̕ del Derecho
|
| 650 |
0 |
4 |
|a Teora̕ General del Derecho
|
| 740 |
|
|
|a vLex Libros (Servicio en ln̕ea)
|
| 856 |
|
|
|a Acceso restringido
|u http://www.vlex.com/source/11034
|
| 942 |
|
|
|c BOOK
|